| 000 | 00413nam a2200157Ia 4500 | ||
|---|---|---|---|
| 005 | 20250416163847.0 | ||
| 008 | 231217s9999 xx 000 0 und d | ||
| 020 | _a9788178815527 | ||
| 082 | _a658.2 CHA;2 R1 | ||
| 100 | _aChandrasekhar, Y ed. | ||
| 245 | 0 | _aUrban infrastructure : an introduction | |
| 260 |
_c2005 _bIcfai _aHyderabad |
||
| 300 | _aix, 259 | ||
| 650 | _aUrban,infrastructure | ||
| 942 | _cAA | ||
| 999 |
_c187217 _d187217 |
||